000 00506 a2200169 4500
005 20250522140339.0
020 _a978-0-13-242550-6
082 _a657.7 ARN
100 _aARNOLD, J. R. T.
245 _aIntroction to Materials Mnagement
250 _a6th Ed
260 _aAustralia,
_bPrentice Hall,
_c2008.
300 _axii, 515p.: ill.; figure, table
_bIndex
_c23cm.
700 _aCHAPMAN, S. N. & CLIVE, L. M.
856 _yAccess Online Book
_fMaterials Management
_dwww.prenhall.com
942 _2ddc
_cBKS
999 _c2527
_d2527